000 00733nam a2200205Ia 4500
003 0
005 20250128082055.0
008 150126s9999 xx 000 0 und d
050 _aPGS BF 697.5.S43
_b.P579 2014
100 _aPiad, Rachelle Carmela M.
245 4 _aThe impact of bullying to the self-esteem of grade 6 students of SISC /
_cRachelle Carmela M. Piad.
260 _aLas PiƱas City, Philippines :
_bSouthville International School and Colleges,
_c2014.
300 _a49 p. :
_bill. ;
_c28 cm.
504 _aIncludes bibliographical references.
650 _aSelf-Esteem in children.
650 _aBullying in schools.
650 _aStudents
_vPsychology.
650 _aSixth grade (Education).
942 _2lcc
_cPASS
999 _c278619
_d278619